00769nam a22001937a 450000500170000001000120001702000260002903700240005508200110007924501620009026000420025227001230029430000200041770000310043770000360046870000270050494200250053199900190055620260303113954.0 aBACEN26 a9789347303937c980.00 bBharti Publications a347.54 a75 Years Of The Supreme Court Of India:bUpholding Democracy And Delivering Justice/cedited by Naresh Kumar Vats, Deepalakshmi Vadivelan {and} Aditya Mishra aNew Delhi bBharti Publicationsc2025 a4819/24, 2nd Floor, Mathur Lane Ansari, Road, Darya GanjbNew Delhi e110002k9899897381mbhartipublications@gmail.com a218p.c22cm(Hb) aVats, Naresh Kumar 987686 aVadivelan, Deepalakshmi 988043 aMishra,Aditya 988044 2ddccENh347.54mSUP c215122d215122